=LDR 00000nam 2200000 4500 =001 INLIS000000000005128 =005 20130612093402 =008 ***********************************Ind** =035 ##$$0010-061300000005128 =041 ##$$a Ind =082 ##$$a 633.68 =090 ##$$a 633.68, Rah n =100 ##$$a RAHMAN, A Kadir =245 ##$$a Nipah, Sumber pemanis baru, A. Kadir Rachman =260 ##$$a 1992 $b Yogyakarta =300 ##$$a 44 hlm, ilus, 21 cm =650 ##$$a Nipah =850 ##$$a NBPNMAT